• 首页
  • 本馆介绍
  • 公告通知
  • 最新文献
  • 馆藏检索
  • 电子资源
  • 读者导购
  • 参考咨询
  • 我的图书馆
  • 登录
  • 详细信息显示
  • 放入我的书架
  • 预约/预借图书
  • 作者相关作品
  • 分类相关作品
  • 丛书相关作品
  • 出版社相关作品

书目信息

  • 表格格式
  • 工作单格式
  • 卡片格式
题名:
非寿险精算
    
 
作者: 王静龙 主编
分册:  
出版信息: 北京   中国人民大学出版社  2004
页数: 264页
开本: 23cm
丛书名:
单 册:
中图分类: F840.4
科图分类:
主题词: 保险 , 计算方法 , 保险--计算方法--教材
电子资源:
ISBN: 7-300-05441-2
000 00971nam0 2200289 450
000 00991nam0 2200289 450
000 00922nam0 2200265 450
000 00886nam0 2200253 45
005 20070725133654.06
010    @a7-300-05441-2@dCNY20.00
100    @a20070711d2004 em y0chiy0120 ea
101 0  @achi
102    @aCN@b110000
105    @ay z 000yy
200 1  @a非寿险精算@AFei Shou Xian Jing Suan@f王静龙等主编@FWang Jing Long Deng Zhu Bian
210    @a北京@c中国人民大学出版社@d2004
215    @a264页@d23cm
300    @a21世纪保险系列教材
330    @a本书以财产保险为基础,系统地讲述了非寿险精算概论、基本概率与统计的基础知识,准备金的评估与提存等,并提供了同步小结、思考题。
510 1  @aNon-Life Actuarial Mathematics@zeng
606 0  @a保险
606 0  @a计算方法
606 0  @a保险@x计算方法@j教材
690    @aF840.4@v4
701  1 @a王静龙@AWang Jing Long@c(统计教授)@4主编
801  0 @aCN@bTAOJIN@c20070725
905    @a10447@dF840.4@e37
    
    非寿险精算/王静龙等主编.-北京:中国人民大学出版社,2004
    264页;23cm
    21世纪保险系列教材
    
    ISBN 7-300-05441-2:CNY20.00
    本书以财产保险为基础,系统地讲述了非寿险精算概论、基本概率与统计的基础知识,准备金的评估与提存等,并提供了同步小结、思考题。
●
相关链接 在E读中查询图书 在五车中查询图书 在当当中查询图书 在豆瓣中查询图书


正题名:非寿险精算     索取号:F840.4/37         预约/预借

序号 登录号 条形码 馆藏地/架位号 状态 备注
1 0825382   208253824   第一样本阅览室/ [索取号:F840.4/37] 在馆    
2 0825383   208253833   密集书库/ [索取号:F840.4/37] 在馆    
3 0825384   208253842   密集书库/ [索取号:F840.4/37] 在馆    
4 0825385   208253851   密集书库/ [索取号:F840.4/37] 在馆    
5 0825386   208253860   第一借阅区/ [索取号:F840.4/37] 在馆    
6 0825387   208253879   第一借阅区/ [索取号:F840.4/37] 在馆    
7 0825388   208253888   第一借阅区/ [索取号:F840.4/37] 在馆    
8 0825389   208253897   第一借阅区/ [索取号:F840.4/37] 在馆    
唐山师范学院图书馆 欢迎您!
大连网信软件有限公司© 版权所有